The Organizational Learning Cycle : How We Can Learn Collectively /
保存先:
| 第一著者: | |
|---|---|
| フォーマット: | 図書 |
| 言語: | 英語 |
| 出版事項: |
Hampshire, Inglaterra :
Gower,
1999, c1999
|
| 版: | 2a edición |
| 主題: | |
| タグ: |
タグなし, このレコードへの初めてのタグを付けませんか!
|
MARC
| LEADER | 00000nam^a2200000^a^4500 | ||
|---|---|---|---|
| 001 | 000182561 | ||
| 005 | 20250521000000.0 | ||
| 009 | 20260310102010.789 | ||
| 020 | |a 0-566-08058-3 | ||
| 037 | |a Acervo ITESO - Biblioteca | ||
| 041 | |a ING | ||
| 082 | |a 158. 7 |b DIX | ||
| 100 | |a Dixon, Nancy M. |e (autor) | ||
| 245 | 1 | 4 | |a The Organizational Learning Cycle : |b How We Can Learn Collectively / |c N.M. Dixon. |
| 250 | |a 2a edición | ||
| 264 | 4 | |a Hampshire, Inglaterra : |b Gower, |c 1999, c1999 | |
| 300 | |a XXIV, 240 p. | ||
| 336 | |a texto |b txt |2 rdacontenido | ||
| 337 | |a sin mediación |b n |2 rdamedio | ||
| 338 | |a volumen |b nc |2 rdasoporte | ||
| 649 | |a XX | ||
| 650 | |a Información - |x Administración | ||
| 650 | |a Conocimiento - |x Administración | ||
| 650 | |a Aprendizaje | ||
| 650 | |a Competencias (Educación) | ||
| 650 | |a Productividad | ||
| 650 | |a Comunicación Organizacional | ||
| 650 | |a Cultura Organizacional | ||
| 650 | |a Exito Administrativo | ||
| 650 | |a Desarrollo Organizacional | ||
| 650 | |a Recursos Humanos | ||
| 650 | |a Proceso Administrativo | ||
| 910 | |a Fondo General | ||
| 920 | |a Impresos - Libros | ||
| 930 | |a Colección General | ||
| 905 | |a 101 | ||
| 901 | |a 0500122787 |b IT1 |c ACC |u 20250521 | ||
| 902 | |a https://opac.biblio.iteso.mx/vufind/Record/000182561 | ||